TEN CATES ORAL HISTOLOGY (Record no. 4517)

MARC details
000 -LEADER
fixed length control field 00342nam a2200145Ia 4500
008 - FIXED-LENGTH DATA ELEMENTS--GENERAL INFORMATION
fixed length control field 150201s2009 xx 000 0 und d
082 ## - DEWEY DECIMAL CLASSIFICATION NUMBER
Classification number 617.3131
Item number O2009N
100 ## - MAIN ENTRY--PERSONAL NAME
Personal name NANCI,A
245 ## - TITLE STATEMENT
Title TEN CATES ORAL HISTOLOGY
250 ## - EDITION STATEMENT
Edition statement 7TH
260 ## - PUBLICATION, DISTRIBUTION, ETC. (IMPRINT)
Name of publisher, distributor, etc. ELSEVIER
Place of publication, distribution, etc. DELHI
Date of publication, distribution, etc. 2009
300 ## - PHYSICAL DESCRIPTION
Extent 1-411
650 ## - SUBJECT ADDED ENTRY--TOPICAL TERM
Topical term or geographic name as entry element ORAL HISTOLOGY
942 ## - ADDED ENTRY ELEMENTS (KOHA)
Source of classification or shelving scheme Dewey Decimal Classification
Koha item type Books
Koha issues (borrowed), all copies 8
Holdings
Withdrawn status Lost status Source of classification or shelving scheme Damaged status Not for loan Home library Current library Date acquired Source of acquisition Cost, normal purchase price Serial Enumeration / chronology SGTU Bill Number Total Checkouts Full call number Barcode Date last seen Date last checked out Bill Date Koha item type
    Dewey Decimal Classification     SGT Dental Library SGT Dental Library 20/10/2010 U.B.S.DELHI 1125.00 1 SGTU 620 4 617.3131 O2009N FD6181 01/06/2022 01/06/2022 30/03/2013 Books
    Dewey Decimal Classification     SGT Dental Library SGT Dental Library 20/10/2010 U.B.S.DELHI 1125.00 1 SGTU 620 22 617.3131 O2009N FD6182 30/03/2022 04/01/2022 30/03/2013 Books
    Dewey Decimal Classification     SGT Dental Library SGT Dental Library 20/10/2010 U.B.S.DELHI 1125.00 1 SGTU 620 23 617.3131 O2009N FD6183 07/04/2021 07/04/2021 30/03/2013 Books
    Dewey Decimal Classification     SGT Dental Library SGT Dental Library 20/10/2010 U.B.S.DELHI 1125.00 1 SGTU 620 4 617.3131 O2009N FD6184 13/01/2024 02/01/2024 30/03/2013 Books
    Dewey Decimal Classification     SGT Dental Library SGT Dental Library 20/10/2010 U.B.S.DELHI 1125.00 1 SGTU 620 10 617.3131 O2009N FD6185 22/04/2025 22/04/2025 30/03/2013 Books